Einflussreichste Länder der Welt - Statistiken

Allgemein
  • Dieses Quiz wurde 435 mal gespielt
  • Das Durchschnittsergebnis liegt bei 16 aus 20
Antwortstatistiken
Ranking Länder % Korrekt
#2 China
99%
#5 Deutschland
99%
#1 USA
99%
#4 Frankreich
98%
#6 Russland
98%
#7 Japan
95%
#14 Spanien
94%
#13 Indien
92%
#8 Italien
92%
#12 Kanada
92%
#11 Südkorea
86%
#16 Australien
85%
#3 Großbritannien
84%
#17 Türkei
78%
#15 Saudi arabien
74%
#20 Ägypten
62%
#19 Schweiz
62%
#10 Israel
48%
#18 Griechenland
47%
#9 VAE
45%
Keine übereinstimmenden Quizze gefunden
Verteilung der Resultate
Anzahl Personen mit jedem Resultat
Perzentil nach korrekt beantworteten Fragen
Ihre Resultats-Entwicklung
Sie haben dieses Quiz noch nicht gespielt